Statistics for Mumbai Monorail Stations by Map

Click here to take the quiz!

General Stats

  • This quiz has been taken 38 times
  • The average score is 6 of 17

Answers on the Map

Answers color-coded by a green-red scale on the quiz's map according to % correct below.
 

Answer Stats

Answer% Correct
Chembur
79%
Lower Parel
57%
Dadar (East)
50%
Jacob Circle
46%
Mint Colony
39%
Wadala Depot
39%
Bhakti Park
36%
GTB Nagar
32%
Wadala Bridge
32%
Acharya Atre Nagar
29%
Antop Hill
29%
Mysore Colony
25%
Naigaon
25%
Ambedkar Nagar
21%
Bharat Petroleum
21%
VNP and RC Marg
21%
Fertiliser Township
14%

Score Distribution

Percentile by Number Answered

Percent of People with Each Score

Your Score History

You have not taken this quiz